Communes de Corse en langue Corse - Statistiques

Statistiques générales
  • Ce quiz a été pris 59 fois
  • Le résultat moyen est 8 sur 16
Statistiques - réponses
Hint Réponse % Correct
Ajaccio Aiacciu
91%
Corte Corti
86%
Afa Afà
84%
L'île Rousse L'Isula Rossa
80%
Bonifacio Bunifaziu
59%
Porto Vecchio Purti Vechju
59%
Cozzano Cuzzà
57%
Saint-Florent San Fiurenzu
55%
Fozzano Fuzzà
50%
Solenzara Sulinzara
48%
Viggianello Vighjanellu
45%
Belgodere Belgudè
36%
Aullène Auddè
34%
Saint-Pierre de Venaco San Petru di Venacu
32%
Serra di Ferro Sarra di Farru
18%
Ucciani Aucciani
9%
Aucun quiz correspondant
Distribution des résultats
% des personnes avec chaque résultat
Percentile par nombre de réponses
Votre historique - résultats
Vous n’avez pas pris ce quiz